| 000 | 00562nam a22001697a 4500 | ||
|---|---|---|---|
| 005 | 20251108164013.0 | ||
| 008 | 250721s1992 xx 000 0 ara d | ||
| 082 | 1 | 4 | _a001.6424/ران |
| 100 | 1 | _aالحسيني، راني | |
| 245 | 1 | 0 | _aاصنع و نفذ بنفسك العاب مبتكره و برامج حديثه على جهاز الكمبيوتر صخر / |
| 264 | 1 |
_aالقاهرة : _bمكتبة ابن سينا، _c1992. |
|
| 300 | _a368ص. | ||
| 650 | 1 | 7 | _aالحواسيب |
| 650 | 1 | 7 | _aبرامج الحاسوب |
| 942 |
_2ddc _cBK |
||
| 999 |
_c1175 _d1175 |
||